• 首页
  • 本馆介绍
  • 公告通知
  • 最新文献
  • 馆藏检索
  • 电子资源
  • 读者导购
  • 参考咨询
  • 我的图书馆
  • 登录
  • 详细信息显示
  • 放入我的书架
  • 预约/预借图书
  • 作者相关作品
  • 分类相关作品
  • 丛书相关作品
  • 出版社相关作品

书目信息

  • 表格格式
  • 工作单格式
  • 卡片格式
题名:
工作有章才成事
    
 
作者: 吕宁 编著
分册:  
出版信息: 北京   北京工业大学出版社  2014.02
页数: 233页
开本: 24cm
丛书名:
单 册:
中图分类: B026-49
科图分类:
主题词: 工作方法--通俗读物 , 工作方法
电子资源:
ISBN: 978-7-5639-3751-6
000 00931nam0 2200265 450
001 0120141211792
005 20160614144010.53
010    @a978-7-5639-3751-6@dCNY26.00
100    @a20140114d2014 em y0chiy0110 ea
101 0  @achi
102    @aCN@b110000
105    @ay z 000yy
106    @ar
200 1  @a工作有章才成事@9gong zuo you zhang cai cheng shi@e必须领悟的86个高效做事方法@f吕宁编著
210    @a北京@c北京工业大学出版社@d2014.02
215    @a233页@d24cm
330    @a本书从十一个方面告诉人们采取什么样的做事方式才能使自己如鱼得水,一帆风顺。主要内容包括:让自己融入人群中;了解对方,找到感情的切入点等。
333    @a一般读者
517 1  @a必须领悟的86个高效做事方法@9bi xu ling wu de 86 ge gao xiao zuo shi fang fa
606 0  @a工作方法@j通俗读物
606 0  @a工作方法
690    @aB026-49@v5
701  0 @a吕宁@9lu^ ning@4编著
801  0 @aCN@b人天书店@c20140114
905    @b879274-79@dB026-49@e115@f6
    
    工作有章才成事:必须领悟的86个高效做事方法/吕宁编著.-北京:北京工业大学出版社,2014.02
    233页;24cm
    使用对象:一般读者
    
    ISBN 978-7-5639-3751-6:CNY26.00
    本书从十一个方面告诉人们采取什么样的做事方式才能使自己如鱼得水,一帆风顺。主要内容包括:让自己融入人群中;了解对方,找到感情的切入点等。
●
相关链接 在E读中查询图书 在五车中查询图书 在当当中查询图书 在豆瓣中查询图书


正题名:工作有章才成事     索取号:B026-49/115         预约/预借

序号 登录号 条形码 馆藏地/架位号 状态 备注
1 879274   208792742   第一样本阅览室/ [索取号:B026-49/115] 在馆    
2 879275   208792751   教育系资料室/ [索取号:B026-49/115] 在馆    
3 879276   208792760   教育系资料室/ [索取号:B026-49/115] 在馆    
4 879277   208792779   教育系资料室/ [索取号:B026-49/115] 在馆    
5 879278   208792788   第一借阅区/ [索取号:B026-49/115] 在馆    
6 879279   208792797   第一借阅区/ [索取号:B026-49/115] 在馆    
唐山师范学院图书馆 欢迎您!
大连网信软件有限公司© 版权所有